[Event "Steinfurt Bezirksliga 1819"]
[Site "Germany"]
[Date "2019.02.16"]
[Round "7.6"]
[White "Huil, Herbert"]
[Black "Gaupel, Michael"]
[Result "1/2-1/2"]
[WhiteElo "1189"]
[BlackElo "1401"]
[PlyCount "47"]
[EventDate "2018.09.01"]
[EventType "team-tourn"]
[EventRounds "10"]
[EventCountry "GER"]
[SourceTitle "EXT 2020"]
[Source "ChessBase"]
[SourceDate "2019.10.17"]
[SourceVersion "1"]
[SourceVersionDate "2019.10.17"]
[SourceQuality "1"]
[WhiteTeam "Ibbenbueren II"]
[BlackTeam "Steinfurt III"]
[WhiteTeamCountry "GER"]
[BlackTeamCountry "GER"]

1. e4 e5 2. Nf3 Nf6 3. d3 Nc6 4. Nc3 Bc5 5. Be2 Ng4 6. 0-0 d6 7. Bg5 Ne7 8. b4 Bxb4 9. Bxe7 Qd7 10. Nd5 Ba5 11. h3 Nf6 12. Bxf6 c6 13. Bxg7 cxd5 14. Bxh8 Qe7 15. Qd2 Bxd2 16. Nxd2 Bxh3 17. Nf3 Bg4 18. exd5 f6 19. Rfe1 0-0-0 20. Nd4 Bxe2 21. Rxe2 Rxh8 22. Nf5 Qf8 23. d4 h5 24. c4 1/2-1/2

[Event "Steinfurt Bezirksliga 1819"]
[Site "Germany"]
[Date "2018.11.03"]
[Round "3.7"]
[White "Gaupel, Michael"]
[Black "Holtmannspoetter, Michael"]
[Result "1/2-1/2"]
[WhiteElo "1401"]
[BlackElo "1609"]
[PlyCount "28"]
[EventDate "2018.09.01"]
[EventType "team-tourn"]
[EventRounds "10"]
[EventCountry "GER"]
[SourceTitle "EXT 2020"]
[Source "ChessBase"]
[SourceDate "2019.10.17"]
[SourceVersion "1"]
[SourceVersionDate "2019.10.17"]
[SourceQuality "1"]
[WhiteTeam "Steinfurt III"]
[BlackTeam "Reckenfeld"]
[WhiteTeamCountry "GER"]
[BlackTeamCountry "GER"]

1. e4 c5 2. Nf3 Nc6 3. d4 cxd4 4. Nxd4 e6 5. Nc3 Bb4 6. Nxc6 Bxc3+ 7. bxc3 bxc6 8. e5 Qa5 9. Qd4 Ne7 10. Bd2 Ng6 11. f4 0-0 12. c4 Qa4 13. Bd3 Rd8 14. 0-0 Ba6 1/2-1/2

[Event "Steinfurt Bezirksliga 1516"]
[Site "Germany"]
[Date "2016.04.30"]
[Round "8.8"]
[White "Beyer, Manuel"]
[Black "Gaupel, Michael"]
[Result "0-1"]
[WhiteElo "777"]
[BlackElo "1422"]
[PlyCount "44"]
[EventDate "2015.09.19"]
[EventType "team-tourn"]
[EventRounds "9"]
[EventCountry "GER"]
[SourceTitle "EXT 2017"]
[Source "ChessBase"]
[SourceDate "2016.10.25"]
[SourceVersion "1"]
[SourceVersionDate "2016.10.25"]
[SourceQuality "1"]
[WhiteTeam "Rheine CC"]
[BlackTeam "Steinfurt III"]
[WhiteTeamCountry "GER"]
[BlackTeamCountry "GER"]

1. e4 e5 2. Nf3 Nf6 3. d3 Nc6 4. b3 Bc5 5. Qe2 d6 6. Be3 Nd4 7. Nxd4 Bxd4 8. Bxd4 exd4 9. h3 0-0 10. Nd2 c6 11. Nf3 Re8 12. 0-0-0 Qa5 13. Kb2 Qc3+ 14. Kb1 a5 15. Qe1 Qc5 16. Rc1 a4 17. c3 axb3 18. cxd4 bxa2+ 19. Kb2 Qa3+ 20. Kc2 a1Q 21. Rxa1 Qxa1 22. Qxa1 Rxa1 0-1

[Event "Steinfurt Bezirksliga 1516"]
[Site "Germany"]
[Date "2016.01.23"]
[Round "5.8"]
[White "Schreck, Uwe"]
[Black "Gaupel, Michael"]
[Result "1-0"]
[WhiteElo "1423"]
[BlackElo "1422"]
[PlyCount "61"]
[EventDate "2015.09.19"]
[EventType "team-tourn"]
[EventRounds "9"]
[EventCountry "GER"]
[SourceTitle "EXT 2017"]
[Source "ChessBase"]
[SourceDate "2016.10.25"]
[SourceVersion "1"]
[SourceVersionDate "2016.10.25"]
[SourceQuality "1"]
[WhiteTeam "Ibbenbueren II"]
[BlackTeam "Steinfurt III"]
[WhiteTeamCountry "GER"]
[BlackTeamCountry "GER"]

1. c4 e5 2. Nc3 Nf6 3. d3 Bc5 4. Bg5 h6 5. Bxf6 Qxf6 6. Nf3 Nc6 7. g3 d6 8. Bg2 0-0 9. 0-0 Ne7 10. a3 c6 11. Ne4 Qg6 12. Nxc5 dxc5 13. Nxe5 Qd6 14. Nf3 Bg4 15. Rb1 Rfe8 16. Re1 Nf5 17. b4 cxb4 18. axb4 Nd4 19. Nxd4 Qxd4 20. b5 cxb5 21. Rxb5 Rab8 22. Rxb7 Rxb7 23. Bxb7 Qb2 24. Bf3 Bxf3 25. exf3 Rxe1+ 26. Qxe1 Qc2 27. Kg2 Qxd3 28. Qe8+ Kh7 29. c5 f5 30. c6 g5 31. Qd7+ 1-0

[Event "Steinfurt Bezirksliga 1415"]
[Site "Germany"]
[Date "2015.04.18"]
[Round "8.5"]
[White "Echelmeyer, Kai"]
[Black "Gaupel, Michael"]
[Result "1-0"]
[WhiteElo "1558"]
[BlackElo "1388"]
[PlyCount "49"]
[EventDate "2014.09.06"]
[EventType "team-tourn"]
[EventRounds "9"]
[EventCountry "GER"]
[SourceTitle "EXT 2016"]
[Source "ChessBase"]
[SourceDate "2015.10.08"]
[SourceVersion "1"]
[SourceVersionDate "2015.10.08"]
[SourceQuality "1"]
[WhiteTeam "Emsdetten Turm III"]
[BlackTeam "Steinfurt III"]
[WhiteTeamCountry "GER"]
[BlackTeamCountry "GER"]

1. e4 e5 2. Nf3 Nf6 3. Nc3 Bb4 4. Nd5 Nxd5 5. exd5 d6 6. c3 Ba5 7. d4 0-0 8. Bg5 f6 9. Be3 Bg4 10. Be2 Bxf3 11. Bxf3 exd4 12. Bxd4 Qe7+ 13. Kd2 c5 14. Re1 Qf7 15. Be3 Nd7 16. Kc2 Ne5 17. Be2 Qg6+ 18. Bd3 Qxg2 19. Rg1 Qxd5 20. Bxh7+ Kxh7 21. Qxd5 Rad8 22. Rxg7+ Kxg7 23. Rg1+ Kh7 24. Qe4+ Ng6 25. Qxg6+ 1-0

[Event "Steinfurt Bezirksliga 1415"]
[Site "Germany"]
[Date "2014.11.29"]
[Round "4.5"]
[White "Gaupel, Michael"]
[Black "Boerger, Andreas1111"]
[Result "1-0"]
[WhiteElo "1388"]
[BlackElo "1666"]
[PlyCount "39"]
[EventDate "2014.09.06"]
[EventType "team-tourn"]
[EventRounds "9"]
[EventCountry "GER"]
[SourceTitle "EXT 2016"]
[Source "ChessBase"]
[SourceDate "2015.10.08"]
[SourceVersion "1"]
[SourceVersionDate "2015.10.08"]
[SourceQuality "1"]
[WhiteTeam "Steinfurt III"]
[BlackTeam "Reckenfeld"]
[WhiteTeamCountry "GER"]
[BlackTeamCountry "GER"]

1. e4 c5 2. Nf3 d6 3. d4 cxd4 4. Nxd4 Nf6 5. Bb5+ Bd7 6. Bxd7+ Qxd7 7. Nc3 a6 8. 0-0 g6 9. f4 Bg7 10. e5 dxe5 11. fxe5 Ng4 12. Nd5 Bxe5 13. Nf3 Qc6 14. Nxe5 Nxe5 15. Qd4 Nbd7 16. Bf4 f6 17. c3 Rd8 18. Rad1 Qc4 19. Bxe5 Nxe5 20. Nxf6+ 1-0

[Event "Steinfurt Bezirksliga 1314"]
[Site "Germany"]
[Date "2014.03.22"]
[Round "7.3"]
[White "Henschen, Daniel"]
[Black "Gaupel, Michael"]
[Result "1-0"]
[WhiteElo "1589"]
[BlackElo "1390"]
[PlyCount "85"]
[EventDate "2013.09.14"]
[EventType "team-tourn"]
[EventRounds "9"]
[EventCountry "GER"]
[SourceTitle "EXT 2015"]
[Source "ChessBase"]
[SourceDate "2014.11.20"]
[SourceVersion "1"]
[SourceVersionDate "2014.11.20"]
[SourceQuality "1"]
[WhiteTeam "Saerbeck II"]
[BlackTeam "Steinfurt III"]
[WhiteTeamCountry "GER"]
[BlackTeamCountry "GER"]

1. Nf3 Nc6 2. g3 d5 3. d4 Bf5 4. Bg2 e6 5. a3 h6 6. 0-0 Nf6 7. Bf4 Bd6 8. Bxd6 Qxd6 9. Nc3 a6 10. Rc1 Ne4 11. Na2 Ng5 12. Nxg5 hxg5 13. Qd2 f6 14. Rfe1 0-0-0 15. e3 Rh6 16. f3 Rdh8 17. Kf2 g4 18. h4 gxh3 19. Bh1 Rg6 20. f4 e5 21. dxe5 fxe5 22. Qxd5 Bg4 23. Qxd6 Rxd6 24. Bf3 Rd2+ 25. Re2 Rxe2+ 26. Kxe2 Bxf3+ 27. Kxf3 e4+ 28. Kxe4 h2 29. Rh1 Ne7 30. g4 Kd7 31. Nc3 Rh3 32. f5 Kd6 33. Kf4 c6 34. e4 Rh8 35. Kg3 Ke5 36. Rxh2 Rxh2 37. Kxh2 Kf4 38. Kh3 Ng8 39. Kh4 Nf6 40. g5 Nh7 41. Kh5 Nxg5 42. Ne2+ Kxe4 43. Kxg5 1-0

[Event "Steinfurt Bezirksliga 1314"]
[Site "Germany"]
[Date "2013.11.09"]
[Round "3.3"]
[White "Rengers, Rainer"]
[Black "Gaupel, Michael"]
[Result "1-0"]
[WhiteElo "1679"]
[BlackElo "1390"]
[PlyCount "71"]
[EventDate "2013.09.14"]
[EventType "team-tourn"]
[EventRounds "9"]
[EventCountry "GER"]
[SourceTitle "EXT 2015"]
[Source "ChessBase"]
[SourceDate "2014.11.20"]
[SourceVersion "1"]
[SourceVersionDate "2014.11.20"]
[SourceQuality "1"]
[WhiteTeam "Neuenkirchen II"]
[BlackTeam "Steinfurt III"]
[WhiteTeamCountry "GER"]
[BlackTeamCountry "GER"]

1. d4 d5 2. Nf3 e6 3. c4 Nc6 4. e3 Nf6 5. Nc3 Bb4 6. Bd2 Bxc3 7. Bxc3 Ne4 8. Qc2 Nxc3 9. Qxc3 0-0 10. b4 dxc4 11. Bxc4 Qe7 12. a3 Bd7 13. 0-0 a5 14. b5 Na7 15. Rfb1 c6 16. a4 cxb5 17. axb5 b6 18. Qb3 Rfc8 19. Bd3 Rc7 20. Rxa5 bxa5 21. b6 Rb7 22. Ba6 Nb5 23. Bxb7 Rb8 24. Be4 Rxb6 25. Ra1 Ra6 26. Ne5 Be8 27. Nd3 Nd6 28. Nc5 a4 29. Bxh7+ Kxh7 30. Qd3+ Nf5 31. Nxa6 Qb7 32. Nc5 Qb2 33. Rb1 Qa2 34. g4 g6 35. gxf5 exf5 36. d5 1-0

[Event "Steinfurt Bezirksklasse 1213"]
[Site "Germany"]
[Date "2013.03.09"]
[Round "6.6"]
[White "Gaupel, Michael"]
[Black "Roos, Bastian"]
[Result "1-0"]
[WhiteElo "1369"]
[BlackElo "1333"]
[PlyCount "35"]
[EventDate "2012.09.29"]
[EventType "team-tourn"]
[EventRounds "9"]
[EventCountry "GER"]
[SourceTitle "EXT 2015"]
[Source "ChessBase"]
[SourceDate "2014.11.20"]
[SourceVersion "1"]
[SourceVersionDate "2014.11.20"]
[SourceQuality "1"]
[WhiteTeam "Steinfurt III"]
[BlackTeam "Saerbeck III"]
[WhiteTeamCountry "GER"]
[BlackTeamCountry "GER"]

1. e4 c5 2. Nf3 Nc6 3. Bc4 e6 4. Nc3 g6 5. 0-0 Bg7 6. d3 Nge7 7. Ng5 0-0 8. f4 h6 9. Nf3 d5 10. f5 Bd4+ 11. Kh1 dxc4 12. Bxh6 Re8 13. fxg6 Nxg6 14. Ng5 Nce5 15. Qh5 Qe7 16. Rxf7 Nf4 17. Rxe7 Rxe7 18. Rf1 1-0

[Event "Steinfurt Bezirksklasse 1213"]
[Site "Germany"]
[Date "2013.02.09"]
[Round "5.6"]
[White "Meyer, Til Fabian"]
[Black "Gaupel, Michael"]
[Result "0-1"]
[WhiteElo "886"]
[BlackElo "1369"]
[PlyCount "54"]
[EventDate "2012.09.29"]
[EventType "team-tourn"]
[EventRounds "9"]
[EventCountry "GER"]
[SourceTitle "EXT 2015"]
[Source "ChessBase"]
[SourceDate "2014.11.20"]
[SourceVersion "1"]
[SourceVersionDate "2014.11.20"]
[SourceQuality "1"]
[WhiteTeam "Westerkappeln II"]
[BlackTeam "Steinfurt III"]
[WhiteTeamCountry "GER"]
[BlackTeamCountry "GER"]

1. g3 d5 2. Bg2 Nf6 3. e3 e5 4. Ne2 Nc6 5. d3 Bg4 6. Nd2 e4 7. d4 Bd6 8. b3 Bh5 9. f3 exf3 10. Bxf3 Bxf3 11. Nxf3 Ng4 12. 0-0 Qe7 13. e4 Qxe4 14. Ng5 Qg6 15. Qe1 0-0 16. Qd1 Rae8 17. Nf4 Qxg5 18. Ne6 Qh5 19. Qd2 Rxe6 20. Qg2 Nxd4 21. Bb2 Bc5 22. Bxd4 Bxd4+ 23. Kh1 Bxa1 24. Rxa1 Rfe8 25. h3 Re1+ 26. Rxe1 Rxe1+ 27. Qg1 Qxh3# 0-1

[Event "Steinfurt Bezirksliga 1112"]
[Site "Germany"]
[Date "2012.03.31"]
[Round "7.4"]
[White "Uhde, Herbert"]
[Black "Gaupel, Michael"]
[Result "1-0"]
[WhiteElo "1553"]
[BlackElo "1406"]
[PlyCount "77"]
[EventDate "2011.10.01"]
[EventType "team-tourn"]
[EventRounds "9"]
[EventCountry "GER"]
[SourceTitle "EXT 2013"]
[Source "ChessBase"]
[SourceDate "2012.11.22"]
[SourceVersion "1"]
[SourceVersionDate "2012.11.22"]
[SourceQuality "1"]
[WhiteTeam "Emsdetten Rochade III"]
[BlackTeam "Steinfurt III"]
[WhiteTeamCountry "GER"]
[BlackTeamCountry "GER"]

1. e4 e5 2. Nf3 Nf6 3. Bc4 Nxe4 4. Nc3 Nxc3 5. dxc3 Nc6 6. Ng5 Qf6 7. Bxf7+ Ke7 8. Bb3 Nd8 9. Ne4 Qf5 10. Ng3 Qg6 11. h4 h6 12. h5 Qh7 13. Qf3 d6 14. Be3 Be6 15. Bxe6 Nxe6 16. Qxb7 Re8 17. 0-0-0 Kd7 18. c4 Be7 19. Qb5+ c6 20. Qb7+ Nc7 21. Bxa7 Ra8 22. Rhe1 Qg8 23. Rxe5 Bg5+ 24. Kb1 Qxc4 25. Ne4 d5 26. Nxg5 hxg5 27. Rxg5 Rag8 28. Qb3 Qh4 29. Qh3+ Qxh3 30. gxh3 Ne6 31. Rf5 g5 32. hxg6 Rxg6 33. c4 Nc7 34. Rf7+ Kd6 35. c5+ Ke6 36. Rxc7 Kf5 37. Rf7+ Ke6 38. Rf3 Rgh6 39. Rdd3 1-0

[Event "Steinfurt Bezirksliga 1112"]
[Site "Germany"]
[Date "2011.11.26"]
[Round "3.2"]
[White "Braemik, Simon"]
[Black "Gaupel, Michael"]
[Result "1-0"]
[WhiteElo "1536"]
[BlackElo "1406"]
[PlyCount "54"]
[EventDate "2011.10.01"]
[EventType "team-tourn"]
[EventRounds "9"]
[EventCountry "GER"]
[SourceTitle "EXT 2013"]
[Source "ChessBase"]
[SourceDate "2012.11.22"]
[SourceVersion "1"]
[SourceVersionDate "2012.11.22"]
[SourceQuality "1"]
[WhiteTeam "Rheine SG"]
[BlackTeam "Steinfurt III"]
[WhiteTeamCountry "GER"]
[BlackTeamCountry "GER"]

1. d4 d5 2. c4 dxc4 3. Nc3 Nf6 4. e4 Bg4 5. f3 Bh5 6. Bxc4 e6 7. Nge2 Nfd7 8. 0-0 Qh4 9. d5 Bd6 10. f4 Bc5+ 11. Kh1 e5 12. fxe5 Nxe5 13. Bb5+ c6 14. Ba4 Ng4 15. Bf4 Nf2+ 16. Rxf2 Qxf2 17. dxc6 Nxc6 18. Qd5 0-0 19. Qxh5 Nb4 20. Bg3 Qe3 21. Rf1 Be7 22. Bb3 g6 23. Qe5 Qg5 24. Qc7 b6 25. a3 Na6 26. Qc4 Qc5 27. Qxa6 Qc6 1-0

[Event "Steinfurt Bezirksliga 1112"]
[Site "Germany"]
[Date "2011.10.01"]
[Round "1.4"]
[White "Dehler, Markus"]
[Black "Gaupel, Michael"]
[Result "1-0"]
[WhiteElo "1577"]
[BlackElo "1406"]
[PlyCount "31"]
[EventDate "2011.10.01"]
[EventType "team-tourn"]
[EventRounds "9"]
[EventCountry "GER"]
[SourceTitle "EXT 2013"]
[Source "ChessBase"]
[SourceDate "2012.11.22"]
[SourceVersion "1"]
[SourceVersionDate "2012.11.22"]
[SourceQuality "1"]
[WhiteTeam "Steinfurt II"]
[BlackTeam "Steinfurt III"]
[WhiteTeamCountry "GER"]
[BlackTeamCountry "GER"]

1. e4 e5 2. Nf3 Nf6 3. d4 Nxe4 4. Bd3 Nf6 5. dxe5 Nd5 6. 0-0 d6 7. Re1 dxe5 8. Nxe5 Be6 9. Bc4 c6 10. Qf3 Be7 11. Bd2 0-0 12. Bd3 Nd7 13. Nxd7 Qxd7 14. Bc3 Bg4 15. Qe4 Rad8 16. Qxh7# 1-0

[Event "Steinfurt Bezirksliga 0910"]
[Site "Germany"]
[Date "2010.03.13"]
[Round "7.7"]
[White "Gildehaus, Simon"]
[Black "Gaupel, Michael"]
[Result "1-0"]
[WhiteElo "1602"]
[BlackElo "1408"]
[PlyCount "79"]
[EventDate "2009.09.12"]
[EventType "team-tourn"]
[EventRounds "9"]
[EventCountry "GER"]
[SourceTitle "EXT 2011"]
[Source "ChessBase"]
[SourceDate "2010.11.26"]
[SourceVersion "1"]
[SourceVersionDate "2010.11.26"]
[SourceQuality "1"]
[WhiteTeam "Saerbeck II"]
[BlackTeam "Steinfurt III"]
[WhiteTeamCountry "GER"]
[BlackTeamCountry "GER"]

1. e4 e5 2. Nf3 Nf6 3. Nc3 Nc6 4. Bc4 Bc5 5. d3 d6 6. Bg5 Qd7 7. h3 h6 8. Bxf6 gxf6 9. Nd5 Qd8 10. Nh4 Nd4 11. c3 Ne6 12. Qf3 f5 13. Nxf5 c6 14. Nde3 Qg5 15. b4 Bxe3 16. Nxd6+ Kd7 17. Nxf7 Bd2+ 18. Ke2 Qg7 19. Nxh8 Bxc3 20. Qf7+ Qxf7 21. Nxf7 Nf4+ 22. Kf3 b5 23. Rac1 Bd4 24. Bb3 Nxd3 25. Rcd1 Nxf2 26. Rxd4+ exd4 27. Kxf2 Kc7 28. Nxh6 a5 29. a3 axb4 30. axb4 Ra3 31. Rb1 Kb6 32. g4 Ra7 33. Nf5 d3 34. Ke3 Bxf5 35. exf5 Rd7 36. Kd2 Rd4 37. Be6 c5 38. bxc5+ Kxc5 39. Rc1+ Kb6 40. Rc3 1-0

[Event "Steinfurt Bezirksklasse 0910"]
[Site "Germany"]
[Date "2010.02.06"]
[Round "4.5"]
[White "Gaupel, Michael"]
[Black "Hooft, Rudolf"]
[Result "0-1"]
[WhiteElo "1365"]
[BlackElo "1364"]
[PlyCount "50"]
[EventDate "2009.09.26"]
[EventType "team-tourn"]
[EventRounds "7"]
[EventCountry "GER"]
[SourceTitle "EXT 2011"]
[Source "ChessBase"]
[SourceDate "2010.11.26"]
[SourceVersion "1"]
[SourceVersionDate "2010.11.26"]
[SourceQuality "1"]
[WhiteTeam "Steinfurt IV"]
[BlackTeam "Rheine"]
[WhiteTeamCountry "GER"]
[BlackTeamCountry "GER"]

1. e4 e5 2. d4 exd4 3. c3 d5 4. exd5 Qxd5 5. cxd4 Nc6 6. Be3 Nf6 7. Be2 Qxg2 8. Bf3 Qg6 9. a3 Ng4 10. Bf4 Bd6 11. Bxd6 cxd6 12. d5 Nce5 13. Nc3 Nxf3+ 14. Nxf3 0-0 15. Qa4 Nf6 16. 0-0-0 Bf5 17. Rhg1 Qh5 18. Qf4 h6 19. Qxd6 Ne4 20. Nxe4 Bxe4 21. Qf6 Rac8+ 22. Kd2 Qxd5+ 23. Nd4 Bg6 24. Qf4 Rfe8 25. Rge1 Rc2# 0-1

[Event "Steinfurt Bezirksklasse 0910"]
[Site "Germany"]
[Date "2009.11.28"]
[Round "2.5"]
[White "Gaupel, Michael"]
[Black "Schroeerluecke, Dieter"]
[Result "1-0"]
[WhiteElo "1365"]
[BlackElo "1245"]
[PlyCount "87"]
[EventDate "2009.09.26"]
[EventType "team-tourn"]
[EventRounds "7"]
[EventCountry "GER"]
[SourceTitle "EXT 2011"]
[Source "ChessBase"]
[SourceDate "2010.11.26"]
[SourceVersion "1"]
[SourceVersionDate "2010.11.26"]
[SourceQuality "1"]
[WhiteTeam "Steinfurt IV"]
[BlackTeam "Ibbenbueren III"]
[WhiteTeamCountry "GER"]
[BlackTeamCountry "GER"]

1. e4 c5 2. Bc4 d6 3. Nf3 g6 4. d4 Qb6 5. 0-0 Bg7 6. c3 Bg4 7. h3 Bxf3 8. Qxf3 e6 9. d5 e5 10. Qe3 Nf6 11. f4 Nbd7 12. fxe5 Nxe5 13. Nd2 0-0 14. Be2 a6 15. Nc4 Nxc4 16. Bxc4 Rae8 17. Bd3 Qc7 18. c4 Re7 19. Rf4 Bh6 20. Qf3 Bxf4 21. Bxf4 Nh5 22. Bh6 Rfe8 23. g4 f6 24. gxh5 Rf7 25. Kh1 Qd7 26. Rg1 g5 27. h4 Re5 28. Bf1 Qe7 29. Rg4 Kh8 30. Qg2 Qe8 31. hxg5 fxg5 32. Bxg5 Rxf1+ 33. Qxf1 Qxh5+ 34. Rh4 Qxg5 35. Qf8+ Qg8 36. Qxd6 Rg5 37. Qf6+ Rg7 38. Rg4 Qf7 39. Qxg7+ Qxg7 40. Rxg7 Kxg7 41. d6 Kf7 42. e5 Ke6 43. Kg2 b5 44. b3 1-0

[Event "Steinfurt Bezirksklasse 0910"]
[Site "Germany"]
[Date "2009.09.26"]
[Round "1.4"]
[White "Gaupel, Michael"]
[Black "Kumpmann, Ulrich"]
[Result "1-0"]
[WhiteElo "1365"]
[BlackElo "1441"]
[PlyCount "73"]
[EventDate "2009.09.26"]
[EventType "team-tourn"]
[EventRounds "7"]
[EventCountry "GER"]
[SourceTitle "EXT 2011"]
[Source "ChessBase"]
[SourceDate "2010.11.26"]
[SourceVersion "1"]
[SourceVersionDate "2010.11.26"]
[SourceQuality "1"]
[WhiteTeam "Steinfurt IV"]
[BlackTeam "Nordwalde II"]
[WhiteTeamCountry "GER"]
[BlackTeamCountry "GER"]

1. e4 e5 2. d4 Nc6 3. dxe5 Nxe5 4. Qd5 d6 5. Bf4 Nf6 6. Qb5+ c6 7. Qe2 Qb6 8. Nd2 Qxb2 9. Rd1 Qxc2 10. Ngf3 Nxf3+ 11. gxf3 Nh5 12. Bg5 h6 13. Bh4 Qxa2 14. Qe3 a5 15. Bc4 Qb2 16. f4 a4 17. Rb1 Qc2 18. e5 d5 19. Qb6 f6 20. exf6 Nxf6 21. Qe3+ Be7 22. Bd3 Qa2 23. Bg6+ Kf8 24. 0-0 Qa3 25. Rfe1 Qxe3 26. Rxe3 b5 27. Rbe1 Ra7 28. Nf3 Rc7 29. Nd4 Ne4 30. Bxe7+ Rxe7 31. f3 a3 32. fxe4 a2 33. Nxc6 Re6 34. Ne5 dxe4 35. Rxe4 Ke7 36. f5 a1Q 37. Rxa1 1-0

[Event "Steinfurt Bezirksklasse 0708"]
[Site "Germany"]
[Date "2008.01.12"]
[Round "4.3"]
[White "Miethe, Christoph"]
[Black "Gaupel, Michael"]
[Result "1-0"]
[WhiteElo "1745"]
[BlackElo "1478"]
[PlyCount "83"]
[EventDate "2007.10.13"]
[EventType "team-tourn"]
[EventRounds "7"]
[EventCountry "GER"]
[SourceTitle "EXT 2009"]
[Source "ChessBase"]
[SourceDate "2008.11.26"]
[SourceVersion "1"]
[SourceVersionDate "2008.11.26"]
[SourceQuality "1"]
[WhiteTeam "Neuenkirchen II"]
[BlackTeam "Steinfurt IV"]
[WhiteTeamCountry "GER"]
[BlackTeamCountry "GER"]

1. e4 e5 2. Nf3 Nf6 3. Nc3 Nc6 4. Bb5 Bc5 5. 0-0 0-0 6. d3 d6 7. Na4 Nd4 8. Nxd4 Bxd4 9. Nc3 Ng4 10. h3 Nh6 11. Bxh6 gxh6 12. Qh5 Qf6 13. Nd5 Qd8 14. Qxh6 f5 15. Bc4 Kh8 16. c3 c6 17. cxd4 cxd5 18. Bxd5 Rf6 19. Qh5 exd4 20. Rac1 Qf8 21. Rc7 Rh6 22. Rf7 Rxh5 23. Rxf8+ Kg7 24. Rg8+ Kh6 25. Rc1 Rg5 26. Rgxc8 Rxc8 27. Rxc8 fxe4 28. Bxe4 Rb5 29. Rc7 d5 30. Rxh7+ Kg5 31. h4+ Kg4 32. Bf3+ Kf5 33. h5 Rxb2 34. Bxd5 Rb1+ 35. Kh2 Rf1 36. h6 Kg5 37. Rh8 Rxf2 38. h7 Kh6 39. Be4 Rf7 40. Rg8 Rxh7 41. Bxh7 Kxh7 42. Rd8 1-0

[Event "Steinfurt Bezirksliga 0607"]
[Site "Germany"]
[Date "2007.03.31"]
[Round "8.7"]
[White "Trappe, Michael"]
[Black "Gaupel, Michael"]
[Result "1-0"]
[WhiteElo "1595"]
[BlackElo "1334"]
[PlyCount "79"]
[EventDate "2006.09.09"]
[EventType "team-tourn"]
[EventRounds "9"]
[EventCountry "GER"]
[SourceTitle "EXT 2008"]
[Source "ChessBase"]
[SourceDate "2007.11.25"]
[SourceVersion "1"]
[SourceVersionDate "2007.11.25"]
[SourceQuality "1"]
[WhiteTeam "Reckenfeld"]
[BlackTeam "Steinfurt II"]
[WhiteTeamCountry "GER"]
[BlackTeamCountry "GER"]

1. e4 e5 2. Nf3 Nf6 3. Nc3 Nc6 4. Bb5 Bc5 5. 0-0 d6 6. d4 exd4 7. Nxd4 0-0 8. Nxc6 bxc6 9. Bxc6 Rb8 10. Bg5 Qe7 11. Nd5 Qe5 12. Bf4 Qd4 13. Qxd4 Bxd4 14. Nxc7 Rb6 15. Nd5 Nxd5 16. exd5 Bc5 17. b3 Bb7 18. Bxb7 Rxb7 19. c4 Re8 20. Rfe1 Rbe7 21. Rxe7 Rxe7 22. Kf1 Re4 23. Re1 f5 24. Rxe4 fxe4 25. Be3 Bxe3 26. fxe3 Kf7 27. Ke2 Ke7 28. Kd2 Kd7 29. Kc3 Kc7 30. b4 Kb6 31. Kd4 a5 32. a3 g6 33. Kxe4 h6 34. Kd4 axb4 35. axb4 h5 36. e4 Kc7 37. c5 g5 38. cxd6+ Kxd6 39. e5+ Ke7 40. b5 1-0

[Event "Steinfurt Bezirksklasse 0304"]
[Site "Germany"]
[Date "2004.05.29"]
[Round "11.8"]
[White "Gaupel, Michael"]
[Black "Van der Kolk, Janot"]
[Result "1/2-1/2"]
[WhiteElo "1316"]
[BlackElo "1149"]
[PlyCount "23"]
[EventDate "2003.09.27"]
[EventType "team-tourn"]
[EventRounds "11"]
[EventCountry "GER"]
[SourceTitle "EXT 2005"]
[Source "ChessBase"]
[SourceDate "2004.11.15"]
[SourceVersion "1"]
[SourceVersionDate "2004.11.15"]
[SourceQuality "1"]
[WhiteTeam "Steinfurt III"]
[BlackTeam "Saerbeck Falke IV"]
[WhiteTeamCountry "GER"]
[BlackTeamCountry "GER"]

1. e4 e5 2. d4 exd4 3. c3 d5 4. exd5 Qxd5 5. cxd4 Nc6 6. Nf3 Bg4 7. Be2 0-0-0 8. Nc3 Bb4 9. 0-0 Bxc3 10. bxc3 Nf6 11. c4 Qe4 12. Be3 1/2-1/2

[Event "Steinfurt Bezirksklasse 0304"]
[Site "Germany"]
[Date "2003.09.27"]
[Round "1.8"]
[White "Wehrmeyer, Michael"]
[Black "Gaupel, Michael"]
[Result "0-1"]
[WhiteElo "1225"]
[BlackElo "1316"]
[PlyCount "36"]
[EventDate "2003.09.27"]
[EventType "team-tourn"]
[EventRounds "11"]
[EventCountry "GER"]
[SourceTitle "EXT 2005"]
[Source "ChessBase"]
[SourceDate "2004.11.15"]
[SourceVersion "1"]
[SourceVersionDate "2004.11.15"]
[SourceQuality "1"]
[WhiteTeam "Steinfurt IV"]
[BlackTeam "Steinfurt III"]
[WhiteTeamCountry "GER"]
[BlackTeamCountry "GER"]

1. d4 Nf6 2. Nc3 d5 3. Bf4 Bf5 4. e3 e6 5. Nb5 Bd6 6. Be5 Nc6 7. Bxf6 Qxf6 8. Bd3 0-0 9. Nf3 Bg4 10. h3 Bxf3 11. gxf3 e5 12. Qd2 exd4 13. 0-0-0 dxe3 14. fxe3 d4 15. exd4 Bf4 16. Nxc7 Bxd2+ 17. Rxd2 Rac8 18. Nd5 Qxf3 0-1